000 nam a22 7a 4500
999 _c55526
_d55526
005 20200729190951.0
008 200729b xxu||||| |||| 00| 0 eng d
040 _aANE
041 _aEs
100 _aEnrìquez Sànchez,Josè Marìa
245 _aTesis Formas de inobediencia. Del derecho de resistencia a la resistencia constitucional
260 _c2015
300 _a406 p.
856 _uhttp://documentacion.asambleanacional.gob.ec/alfresco/d/d/workspace/SpacesStore/6b84b904-4ab9-49d4-a9c5-a29fa250637c/Tesis%20Formas%20de%20inobediencia.%20Del%20derecho%20de%20resistencia%20a%20la%20resistencia%20constitucional.pdf
942 _2ddc
_cBV
_zNr.